Aristoteles Stellung zur Platonischen Ideenlehre /

Hlavní autor: Freund, Edgar
Korporativní autor: Schlesische Friedrich-Wilhelms-Universität zu Breslau
Jazyk: Němčina
Vydáno: Breslau : E. Freund, 1936
Fyzický popis: ix, 36 s.
Knihy
Uloženo v:
LEADER 00776nam a22002172a 4500
001 001700190
003 CZ BrMZK
005 20190807130446.0
007 ta
008 190807s1936 gw er|||||||||||ger d
040 |a BOA001  |b cze  |e aacr2 
100 1 |a Freund, Edgar  |4 dis 
245 1 0 |a Aristoteles Stellung zur Platonischen Ideenlehre /  |c von Edgar Freund 
260 |a Breslau :  |b E. Freund,  |c 1936 
300 |a ix, 36 s. 
502 |a Disertace--Schlesische Friedrich-Wilhelms-Universität zu Breslau, Philosophische Facultät, 1936 
710 2 |a Schlesische Friedrich-Wilhelms-Universität zu Breslau  |7 kn20020322061 
910 |a BOA001  |b X-0241.489 
990 |a BK 
991 |b 201908 
996 7 |b 2618732068  |c X-0241.489  |l MZK  |r Sklad / do 24 hodin  |n 0  |w 001746926  |u 000010  |a 1  |e BOA001  |j MZK50  |s A